कथा कमण्डलू (Record no. 456160)

MARC details
000 -LEADER
fixed length control field 00429nam a2200133Ia 4500
008 - FIXED-LENGTH DATA ELEMENTS--GENERAL INFORMATION
fixed length control field 100204s9999 xx 000 0 und d
082 ## - DEWEY DECIMAL CLASSIFICATION NUMBER
Item number 11748
100 ## - MAIN ENTRY--PERSONAL NAME
Personal name कोल्हटकर म. वि.
245 ## - TITLE STATEMENT
Title कथा कमण्डलू
260 ## - PUBLICATION, DISTRIBUTION, ETC. (IMPRINT)
Name of publisher, distributor, etc "गुरु पब्लिकेशन, पुणे"
630 ## - SUBJECT ADDED ENTRY--UNIFORM TITLE
Uniform title कथा कमण्डलू
730 ## - ADDED ENTRY--UNIFORM TITLE
Uniform title कथा कमण्डलू
942 ## - ADDED ENTRY ELEMENTS (KOHA)
Koha item type Book
Holdings
Withdrawn status Lost status Damaged status Not for loan Home library Current library Date acquired Cost, normal purchase price Total Checkouts Full call number Barcode Date last seen Cost, replacement price Price effective from Koha item type
        N. C. Kelkar Sarvajanik Library, Mulund N. C. Kelkar Sarvajanik Library, Mulund 02/04/2010 0.00   11748 NCKMULUND-11748 02/04/2010 0.00 02/04/2010 Book